000 00920nam a2200157 4500
999 _c7513
_d7513
020 _a9781852510992
050 _aPN1992.3
_b.C87
100 _aCrofts Andrew
245 _aUsing Television And Video In Business
_cAndrew Crofts
260 _aLondon
_bAndrew Crofts
_c1991
300 _aviii, 166 p.
_c18 cm
500 _aIncludes Index
505 _a1. Where has business television come from? 2. Who does it? How to choose a Production House? 3. How much does it Cost? 4. Defining your Audience 5. Private Corporate Networks 6. The Corporate Video 7. Television at Conference 8. Video Conferences 9. Taking Screens into the Public Arena 10. Television as a Selling Aid 11. Education and Training 12. Training in Communications Skills 13. Interactive Video 14. Getting it Seen 15. Editing and Post-Production 16. Sponsoring Television 17. The Future is Here Index
650 _aTelevision
942 _cBK